书目信息 |
| 题名: |
复变函数
|
|
| 作者: | 李汉龙 , 缪淑贤 主编 | |
| 分册: | ||
| 出版信息: | 北京 国防工业出版社 2011.01 |
|
| 页数: | 256页 | |
| 开本: | 26cm | |
| 丛书名: | ||
| 单 册: | ||
| 中图分类: | O174.5 | |
| 科图分类: | ||
| 主题词: | 复变函数--fu bian han shu--高等学校--教材 | |
| 电子资源: | ||
| ISBN: | 978-7-118-07140-5 | |
| 000 | 00946nam0 2200289 450 | |
| 001 | B20110014214 | |
| 005 | 20110718093341.71 | |
| 010 | @a978-7-118-07140-5@dCNY28.00 | |
| 100 | @a20110214d2011 em y0chiy50 ea | |
| 101 | 0 | @achi |
| 102 | @aCN@b110000 | |
| 105 | @aa a 000yd | |
| 106 | @ar | |
| 200 | 1 | @a复变函数@Afu bian han shu@f李汉龙, 缪淑贤主编 |
| 210 | @a北京@c国防工业出版社@d2011.01 | |
| 215 | @a256页@c图@d26cm | |
| 300 | @a普通高等院校“十二五”规划教材 | |
| 320 | @a有书目 (第256页) | |
| 330 | @a本书内容包括复数与复变函数、解析函数、复变函数的积分、级数、留数定理及其应用、共形映射、数学软件在复变函数中的应用和复变函数发展史八章。 | |
| 333 | @a可供高等院校相关专业学生参考使用。 | |
| 586 | @a | |
| 606 | 0 | @a复变函数@Afu bian han shu@x高等学校@j教材 |
| 690 | @aO174.5@v5 | |
| 701 | 0 | @a李汉龙@Ali han long@4主编 |
| 701 | 0 | @a缪淑贤@Amiao shu xian@4主编 |
| 801 | 0 | @aCN@c20110610 |
| 905 | @dO174.5@eL170@f3 | |
| 复变函数/李汉龙, 缪淑贤主编.-北京:国防工业出版社,2011.01 |
| 256页:图;26cm |
| 普通高等院校“十二五”规划教材.-使用对象:可供高等院校相关专业学生参考使用。 |
| ISBN 978-7-118-07140-5:CNY28.00 |
| 本书内容包括复数与复变函数、解析函数、复变函数的积分、级数、留数定理及其应用、共形映射、数学软件在复变函数中的应用和复变函数发展史八章。 |
| ● |
| 相关链接 |
|
|
|
正题名:复变函数
索取号:O174.5/L170
 
预约/预借
| 序号 | 登录号 | 条形码 | 馆藏地/架位号 | 状态 | 备注 |
| 1 | 885872 | 208858725 | 自科库401/401自科库 44排7列2层/ [索取号:O174.5/L170] | 在馆 | |
| 2 | 885873 | 208858734 | 自科库401/401自科库 44排7列2层/ [索取号:O174.5/L170] | 在馆 | |
| 3 | 885874 | 208858743 | 自科库401/401自科库 44排7列2层/ [索取号:O174.5/L170] | 在馆 |